Short history and guide to the experiment station of the Rubber Research Institute of India (Record no. 51316)

MARC details
000 -LEADER
fixed length control field 00401nam a2200121Ia 4500
100 ## - MAIN ENTRY--AUTHOR NAME
Personal name Nair V.K.B.
245 #0 - TITLE STATEMENT
Title Short history and guide to the experiment station of the Rubber Research Institute of India
260 ## - PUBLICATION, DISTRIBUTION, ETC. (IMPRINT)
Name of publisher Rubber Research Institute of India, Kottayam, India
Year of publication 1963
650 ## - SUBJECT ADDED ENTRY--TOPICAL TERM
Topical Term History
650 ## - SUBJECT ADDED ENTRY--TOPICAL TERM
Topical Term RRII experiment station
942 ## - ADDED ENTRY ELEMENTS (KOHA)
Koha item type Bibliography STAF
Holdings
Withdrawn status Lost status Damaged status Not for loan Home library Current library Shelving location Date acquired Koha item type
      Bibliography RRII Library RRII Library Rubber general 09/04/2014 Bibliography STAF